01595 a2200181 45000010006000000050017000060080041000230030015000640400040000790800048001192450055001670200018002222640029002403000019002695051081002881000019013697000025013883337120260407155626.0260407a1982 arg spa dAR-UNSa-BCEJYS aAR-UNSa-BCEJYSbspacAR-UNSa-BCEJYS a658.017.2/3xTamaño de la empresa (Pymes)10aAdministración de empresas pequeñas y medianas a968-18-1348-0 1aMéxico :bLimusac1982 a568 p.c23 cm. aI. Medio ambiente y propiedad de la pequeña empresa : 1. La pequeña empresa y su medio ambiente - 2. El empresario - 3. Propiedad - II : La empresa pequeña y los concesionarios: 4. Empresa minoristas y de servicios - 5. Mayoristas y fabircantes - 6. Concesiones - III: Establecimiento de la empresa: 7. Decisiones de comprar una empresa existente o iniciar una nueva - 8. Ubicación - 9. Instalaciones físicas - IV. Control administrativo: 11. Administración y relaciones con el empleado - 12. Administración de personal -13. Control finaniciero y control de caja - 14. Análisis de los estados contables - V. Control de la mercancia y de los seguros: 15. Compras - 16. Control de inventarios - 17. Riesgos, póliza de seguros y robo - VI: Mercaderia del producto o del servcicio : 18. Mercadotecnia - 19. Precios - 20. Comportamiento del consumidor y ventas personales - 21. Publicidad y promoción de ventas - 22. Crédito al consumidor - VII. El gobierno y los pequeños negocios : 23. Consideraciones legales - 24. Control y asistencia gubernamentales - 1 aPickle, Hal B.1 aAbrahamson, Royce L.